El paso del diablo
Salvato in:
| Autore principale: | |
|---|---|
| Natura: | Libro |
| Lingua: | spagnolo |
| Pubblicazione: |
Santiago
LOM
2004
|
| Edizione: | 1a. ed |
| Serie: | Narrativa
|
| Soggetti: | |
| Tags: |
Aggiungi Tag
Nessun Tag, puoi essere il primo ad aggiungerne!!
|
MARC
| LEADER | 00000cam a2200000 a 4500 | ||
|---|---|---|---|
| 001 | UCG8129 | ||
| 003 | CL-VaPUC | ||
| 008 | 111124e20040000CL |||||||||||||||||spa|d | ||
| 020 | |a 9562826457 | ||
| 082 | 0 | 4 | |a Ch863 |b OYA |2 21 |
| 100 | |a Oyarzún Díaz, Pavel |e autor |9 559139 | ||
| 245 | 1 | 3 | |a El paso del diablo |
| 250 | |a 1a. ed | ||
| 300 | |a 109 p | ||
| 942 | |c BK | ||
| 945 | |d 20111124 00:00:00 |a cmena | ||
| 260 | |a Santiago |b LOM |c 2004 | ||
| 500 | |a Diciembre de 1921. Son los últimos días de la gran huelga general en las estancias ganaderas de la provincia de Santa Cruz en la Patagonia argentina. El ejército ha tomado el control de la situación. El gallego Antonio, anarquista y líder máximo del movimiento, huye desde la estancia La Anita hacia territorio chileno junto a doce de sus compañeros, luego que la inmensa mayoría de los huelguistas decidiera rendirse sin luchar. Intentarán cruzar la cordillera, por un paso más bien suicida, con tal de no entregarse a las tropas del 10 de Caballería, al mando del teniente coronel Varela | ||
| 650 | 0 | |a Novelas chilenas |9 265425 | |
| 650 | 0 | |a Literatura chilena |9 308278 | |
| 583 | |a last modification |c 20111124 10:34:00 |k Rodrigo Vera | ||
| 490 | 0 | |a Narrativa | |
| 999 | |c 345765 |d 345763 | ||
| 952 | |0 0 |1 0 |4 0 |6 CH_863_000000000000000_OYA_2004 |7 0 |8 A |9 446008 |a FDOPOS |b FDOPOS |d 2019-11-22 |i 4807693 |o Ch863 OYA 2004 |p 4807693 |r 2025-01-22 |w 2019-11-22 |y BK |k DLH | ||